000 01769cam a22004574i 4500
003 PE-LiUPU
005 20250731173130.0
008 150623s r 000 0 d
020 _a0800615271
035 _a(Sirsi) i9780800615277
040 _aPE-LiUPU
_bspa
_cPE-LiUPU
_erda
049 _aPRUA
082 0 4 _a241.5
_bH22
_221
100 1 _aHarrelson, Walter J.,
_eautor.
245 1 4 _aThe ten commandments and human rights /
_cWalter J. Harrelson.
264 1 _aPhiladelphia :
_bFortress Press,
_c1980.
300 _a222 páginas ;
_c21 centímetros
336 _atext
_2rdacontent
337 _aunmediated
_2rdamedia
338 _avolume
_2rdacarrier
490 0 _aOvertures to Biblical Theology ;
_v8
505 0 _aThe ten commandments today. The origin, structure, and setting of the ten commandments. God's exclusive claims. God's basic institutions. Basic human obligations. Basic social obligations. The ten commandments and the New Testament. The ten commandments in religious life today. Appendix: Universal declaration of human rights.
526 _aSEG42
526 _aSEG41
526 _aSEG40
526 _aSEG39
526 _aP94
526 _aP87
526 _aP86
526 _aP85
526 _aP77
526 _aP76
526 _aP35
650 0 4 _aDiez mandamientos.
_9925
942 _2ddc
_cBOOK
949 _a241.5 H22
_wDEWEY
_c1
_i51597
_lCCODEBUL1
_mBUL
_p10.00
_r0
_sY
_tBOOK
_u2015-6-24
_xTEOLOGIA
_PP35
_0COMPRA
_o.STAFF. Colección General
994 _aC0
_bPEPRU
596 _a1
999 _a241.5 H22
_wDEWEY
_c33329
_i51597
_f2021-11-10
_g4
_lCCODEBUL1
_mBUL
_p10.00
_r0
_sY
_tBOOK
_u2015-6-24
_xTEOLOGIA
_PP35
_0COMPRA
_o.STAFF. Colección General
_d33329
980 _81
_gALBERTO SANCHEZ Responsable de Automatización